000 00666nam a2200205 4500
001 118729
003 ES-MaACL
005 20251015063121.0
007 t|
008 070214s1974 fr r ||||1| fre d
100 1 _aPiaget, Jean,
_d1896-1980
_991738
245 1 3 _aLa prise de conscience /
_cpar Jean Piaget ; avec la collaboration de A. Blanchet [et al.].
260 _aParis :
_bPresses Universitaires de France,
_c1974.
300 _a282 p. ;
_c22 cm.
490 1 _aPsychologie d'aujourd'hui
700 1 _aBlanchet, A.
_929152
830 0 _aPsychologie d'aujourd'hui
_9218533
852 _aES-MaACL
_jE-7051
_bR.91365
999 _c118729
_d118729